| 000 | 00407nam a22001571a 4500 | ||
|---|---|---|---|
| 020 | _a9788170281641 | ||
| 082 |
_aH3 _bRAJ/S |
||
| 100 |
_aRajendra Avasthi _9164942 |
||
| 245 |
_aShahar ki sadakiem/ _cby Rajendra Avasthi |
||
| 260 |
_aNew Delhi: _bRajpal, _c1994. |
||
| 300 | _a195p. | ||
| 650 |
_aNovel Hindi _9164943 |
||
| 650 |
_aLiterature Hindi _9164944 |
||
| 650 |
_aLiterature _9164945 |
||
| 942 | _cBK | ||
| 999 |
_c41569 _d41569 |
||